The Epochs of International Law (Record no. 622682)

MARC details
000 -LEADER
fixed length control field 00490nam a2200181 4500
008 - FIXED-LENGTH DATA ELEMENTS--GENERAL INFORMATION
fixed length control field 260506b |||||||| |||| 00| 0 eng d
020 ## - INTERNATIONAL STANDARD BOOK NUMBER
ISBN 9783110153392
Paper back/Hardbound pbk
041 ## - LANGUAGE CODE
Language code of text/sound track or separate title eng
082 ## - DEWEY DECIMAL CLASSIFICATION NUMBER
Classification number 341.09 GRE
100 ## - MAIN ENTRY--AUTHOR NAME
Personal name Grewe,Wilhelm Georg
245 ## - TITLE STATEMENT
Title The Epochs of International Law
Statement of responsibility, etc Wilhelm Georg Grewe
260 ## - PUBLICATION, DISTRIBUTION, ETC. (IMPRINT)
Place of publication New York
Name of publisher Walter de Gruyter
Year of publication 2000
300 ## - PHYSICAL DESCRIPTION
Number of Pages 780p. :
Dimensions 20cm.
504 ## - BIBLIOGRAPHY, ETC. NOTE
Bibliography, etc Includes bibliographies and index
650 ## - SUBJECT ADDED ENTRY--TOPICAL TERM
Topical Term Law of nations
942 ## - ADDED ENTRY ELEMENTS (KOHA)
Koha item type English Books
Holdings
Withdrawn status Lost status Damaged status Not for loan Home library Current library Shelving location Date acquired Full call number Accession Number Price effective from Koha item type
        Anna Centenary Library Anna Centenary Library 4TH FLOOR, A WING 06.05.2026 341.09 GRE 388209 06.05.2026 English Books

Find us on the map